00943nam a2200217 i 450000100060000000300090000600500170001500700030003200800410003510000370007624500770011326000820019030000380027250000820031065100580039271000530045071000520050385200320055599900170058795201210060470126ES-MaACL20230906170728.0t|040719s1958 sp ||||1| spa d1 aGarcía de Oteyza, Luis.95447813aEl Plan de Badajoz / c[bajo la dirección de Luis García de Oteyza]. a[Madrid] : bSecretaría Gestora del Plan de Badajoz, c[1958] (fE. Casado) a212 p., lám. : bil. ; c27 cm. aPrecede al tít.: Presidencia del Gobierno, Instituto Nacional de Industria. 4aBadajoz (Provincia)-xPolítica económica.91608372 aInstituto Nacional de Industria (España)939531 aSecretaría Gestora del Plan de Badajoz.96522 aES-MaACLjC-15723 bR.43046 c70126d70126 00104070aATENEOMbATENEOMcFICHd2008-01-17eSCl0oC-15723p1073432r2023-02-23 00:00:00w2023-02-23yMONOGRAFIA